| 000 | 00627nam a2200217 a 4500 | ||
|---|---|---|---|
| 005 | 20231123063600.0 | ||
| 008 | 030331s1990 mx r 000 0 spa d | ||
| 020 | _a8477380848 | ||
| 035 | _aUPN01000123498 | ||
| 049 | _aCG | ||
| 050 | 4 |
_aQA241 _bN8.6 |
|
| 245 | 0 | 0 |
_aNúmeros enteros / _cJosé Luis González...[et al.]. |
| 260 |
_aMadrid : _bSíntesis, _c[1990]. |
||
| 300 |
_a207 p. : _bil. |
||
| 440 | 0 |
_aMatemáticas : cultura y aprendizaje ; _v6 |
|
| 650 | 4 |
_aNUMEROS, TEORIA DE LOS _915099 |
|
| 650 | 2 |
_aNúmeros enteros _918930 |
|
| 700 | 1 |
_aGonzález, José Luis, _ecoaut. |
|
| 902 | _a/cav/MITM | ||
| 905 | _aLibro | ||
| 999 |
_c95678 _d95678 |
||